000 00526nam a22002057a 4500
003 bpm
005 20260325113917.0
008 260325b |||||||| |||| 00| j spa d
020 _a9789871671328
024 _aS. C. C. / M. C. y E. M.:
040 _aAR-CtUCP
041 _aspa
080 _aCDU
100 _aRodas de Cáceres Neri
245 _aCatoxoquí :
_bcuentos y leyendas tobas
260 _aResistencia
_bLibrería de la Paz
_c2011
650 _aLiteratura- Cuentos breves
942 _cLIB
999 _c76592
_d76592